00472nam a2200109Ia 4500008004100000050002500041100002600066245012100092260008600213300003300299521003000332140724s9999 xx 000 0 und d aTS 155.7b.V718 2009 aVillanueva, Lawrence. 4aThe effects of ISO Certification to Southville International School and Colleges Division /cLawrence R. Villanueva. aLas Piñas, Philippines :bSouthville International School and Colleges,cc2009. a68 p. :bcol. Ill. ;c28 cm. aHuman Resource Management